Last Minute Interview Tips

Tallennettuna:
Bibliografiset tiedot
Päätekijä: Toropov, Brandon
Aineistotyyppi: Kirja
Julkaistu: Franklin Lakes, NJ Career Press 1996
Aiheet:
Tagit: Lisää tagi
Ei tageja, Lisää ensimmäinen tagi!
Thư viện lưu trữ: Trung tâm Học liệu Lê Vũ Hùng, Trường Đại học Đồng Tháp
LEADER 00749pam a22002538a 4500
001 00023466
005 20171026081023.0
008 110624s1996 ||||||Engsd
020 # # |a 156414240 
041 0 # |a Eng 
082 1 4 |a 650.14  |b L100S 
100 0 # |a Toropov, Brandon 
245 0 0 |a Last Minute Interview Tips  |c Brandon Toropov 
260 # # |a Franklin Lakes, NJ  |b Career Press  |c 1996 
300 # # |a 127 p.  |c 21 cm. 
500 # # |a Includes index 
650 # 4 |a Employment interviewing 
650 # 4 |a Job hunting 
650 # 4 |a United States 
653 # # |a Tìm việc 
852 # # |b Kho đọc  |j KD.0008163 
852 # # |j KD.0008163 
910 0 # |a Ntuyet  |d 24/06/2011 
980 # # |a Trung tâm Học liệu Lê Vũ Hùng, Trường Đại học Đồng Tháp